000 01733nam a22003737a 4500
005 20200104041738.0
008 160219b2015 ck ado |r|||| 00| 0 spa d
020 _a9789588889511
040 _aCO-BoIAVH
_cCO-BoIAVH
041 0 _aspa
044 _ack
082 0 4 _a304.2
_bH71t1
100 1 _aGallini, Stefania
245 1 0 _aHistoria ambiental /
_cpor Stefania Gallini, Sofía de la Rosa y Rigoberto Abello
250 _aPrimera edición
260 _aBogotá :
_bInsitituto de Investigación de Recursos Biológicos Alexander von Humbolt,
_c2015.
300 _a72 páginas :
_bilustraciones, diagramas y fotografías a color ;
_c21 x 30 cm.
490 0 _aColección hojas de ruta: Guías para estudio socioecológico de altamontaña en Colombia ;
_v1
504 _aIncluye referencias bibliográficas: páginas 67-70.
505 0 _a1. Punto de partida.
505 0 _a2. Recorriendo el camino.
505 0 _a3. Otros caminos.
520 _aLa materia a compendiar en esta guía es un tipo particular de historia, que si bien no es una religión, igualmente ha desarrollado rituales y consagrado sacerdotes a lo largo del camino hacia su profesionalización y consolidación disciplinar empezando en el siglo XIX.
650 6 _aHistoria natural
650 4 _aHistoria ambiental
650 6 _aMedio ambiente
_vInvetigación
650 4 _aGeneración de conocimiento
650 4 _aInvestigación social-ecológica
650 6 _aEcología humana
_xHistoria
700 1 _aDe la Rosa, Sofía
700 1 _aAbello, Rigoberto
710 2 _aInstituto de Investigación de Recursos Biológicos Alexander von Humboldt.
942 _2ddc
_cLIBRO
_03
999 _c18150
_d18150